Syntetické štúdie vedúce k azadiospongínu

Enregistré dans:
Détails bibliographiques
Auteur principal: Paštrnák, Juraj
Format: Logiciel Livre
Langue:slovaque
Publié: Bratislava STU FCHPT 2009
Accès en ligne:Voir à l'OPAC
Tags: Ajouter un tag
Pas de tags, Soyez le premier à ajouter un tag!

MARC

LEADER 00000nam a2200000 a 4500
005 20260127134230.0
007 co ugu
008 091207 2009 xo 000 0 slo d
035 |a vtls010028717 
039 9 |y 200912071033  |z mschk03 
040 |a STUSCHK1  |b slo  |c STUSCHK1  |e AACR2 
100 1 |a Paštrnák, Juraj 
245 1 |a Syntetické štúdie vedúce k azadiospongínu  |c Juraj Paštrnák 
260 |a Bratislava  |b STU FCHPT  |c 2009 
300 |a 1 elektronický disk 
500 |a Obháj.: 24.8. 2009 
500 |a Študijný program: chémia a medicínska chémia 
500 |a Bakalárska práca 
500 |a Ústav organickej chémie, katalýzy a petrochémie, odd. organickej chémie 
500 |a Študijný odbor: 4.1.14 chémia 
910 |a SCHK95 
999 |c 7369  |d 7369